Logo BPK

Biblioteka

Politechniki Koszalińskiej

Kinetyka rozkładu fenolu w procesie elektrochemicznego utleniania / (Rekord nr 22732)

Szczegóły MARC
000 -ETYKIETA REKORDU
podpole kontrolne o stałej długości 00652nam a2200181 i 4500
001 - NUMER KONTROLNY REKORDU
pole kontrolne bg
040 ## - ŹRÓDŁO KATALOGOWANIA
Instytucja, która utworzyła rekord BPK
041 ## - KOD JĘZYKA
Kod języka tekstu pol
080 ## - UNIWERSALNA KLASYFIKACJA DZIESIĘTNA - UKD
UKD 628.3:661:541.1
008 - POLE O STAŁEJ DŁUGOŚCI - DANE KONTROLNE
podpole kontrolne o stałej długości s pl f |000 0 pol
100 1# - NAZWA OSOBOWA
Nazwa osobowa Balcerzak, Wojciech
Daty związane z nazwą (1948- ).
245 10 - TYTUŁ/ODPOWIEDZIALNOŚĆ
Tytuł Kinetyka rozkładu fenolu w procesie elektrochemicznego utleniania /
Pozostałe elementy strefy tytułu i oznaczenia odpowiedzialności W. Balcerzak.
260 ## - STREFA ADRESU WYDAWNICZEGO
Miejsce wydania Kraków,
Data publikacji, dystrybucji/powstania dokumentu 1983.
490 1# - STREFA SERII I DOKUMENTU WIELOCZĘŚCIOWEGO - FORMA NIE DO WYSZUKIWANIA
Tytuł i oznaczenie odpowiedzialności serii Zeszyt Naukowy / Politechnika Krakowska. Budownictwo Wodne i Inżynieria Sanitarna ;
Numeracja w obrębie serii z.34
500 ## - UWAGI OGÓLNE
Tekst uwagi Numeracja ser. gł. : nr 5.
830 #0 - HASŁO DODATKOWE SERII LUB DOKUMENTU WIELOCZĘŚCIOWEGO - TYTUŁ UJEDNOLICONY
Tytuł ujednolicony Zeszyt Naukowy (Politechnika Krakowska).
Nazwa części/sekcji dzieła Budownictwo Wodne i Inżynieria Sanitarna ;
Oznaczenie tomu z.34
856 ## - LOKALIZACJA I DOSTĘP DO ELEKTRONICZNYCH DOKUMENTÓW ZDALNYCH
Link (URL) http://koha.tu.koszalin.pl/cgi-bin/koha/opac-detail.pl?biblionumber=22732
Tekst linku Katalog online BPK
942 ## - DODATKOWE ELEMENTY (KOHA)
Typ dokumentu Książka
Egzemplarze
Wycofany Status egzemplarza Uszkodzony Dostępność Lokalizacja stała Lokalizacja bieżąca Miejsce przechowywania Sygnatura Kod kreskowy Typ dokumentu
      Dostępny Biblioteka Politechniki Koszalińskiej Biblioteka Politechniki Koszalińskiej Wypożyczalnia BG 31961 01576641 Książka
© 2023 Biblioteka Politechniki Koszalińskiej :: KOHA